<?xml version="1.0" encoding="UTF-8"?>
<record
    xmlns:xsi="http://www.w3.org/2001/XMLSchema-instance"
    xsi:schemaLocation="http://www.loc.gov/MARC21/slim http://www.loc.gov/standards/marcxml/schema/MARC21slim.xsd"
    xmlns="http://www.loc.gov/MARC21/slim">

  <leader>01500nam a22002417a 4500</leader>
  <controlfield tag="005">20211026150423.0</controlfield>
  <controlfield tag="008">211026b           ||||| |||| 00| 0 eng d</controlfield>
  <datafield tag="020" ind1=" " ind2=" ">
    <subfield code="a">8170493137</subfield>
  </datafield>
  <datafield tag="040" ind1=" " ind2=" ">
    <subfield code="c">AL</subfield>
  </datafield>
  <datafield tag="041" ind1=" " ind2=" ">
    <subfield code="a">eng</subfield>
  </datafield>
  <datafield tag="082" ind1=" " ind2=" ">
    <subfield code="2">23</subfield>
    <subfield code="a">297.1226</subfield>
    <subfield code="b">WARW</subfield>
  </datafield>
  <datafield tag="100" ind1=" " ind2=" ">
    <subfield code="a">Ibn Warraq Ed Tr</subfield>
    <subfield code="9">1853</subfield>
  </datafield>
  <datafield tag="245" ind1=" " ind2=" ">
    <subfield code="a">What the Koran Really Says: Language Text and Commentary</subfield>
  </datafield>
  <datafield tag="260" ind1=" " ind2=" ">
    <subfield code="a">New Delhi</subfield>
    <subfield code="b">Manas Publicarions</subfield>
    <subfield code="c">2006</subfield>
  </datafield>
  <datafield tag="300" ind1=" " ind2=" ">
    <subfield code="a">782 p.</subfield>
    <subfield code="b">HB</subfield>
    <subfield code="c">26x16 cm.</subfield>
  </datafield>
  <datafield tag="365" ind1=" " ind2=" ">
    <subfield code="b">995.00</subfield>
    <subfield code="c">&#x20B9;</subfield>
    <subfield code="d">995.00</subfield>
  </datafield>
  <datafield tag="520" ind1=" " ind2=" ">
    <subfield code="a">Islam Has Worldwide Influence, And Even In The United States Is Experiencing A Period Of Unprecedented Growth. Islam And Its Sacred Book, The Koran, Have Been The Subject Of Voluminous Commentary And, Recently, Great Popular Interest; Yet It Has Rarely Received The Kind Of Objective Critical Scrutiny That Has Been Applied To The Texts Of The Bible For More Than A Century.Though Some Scholars Of Note Have Raised Crucial Questions About The Authenticity And Reliability Of The Koran And Muslim Tradition, Koranic Studies By And Large Have Failed To Take Advantage Of Critical Skeptical Methodologies. Today The Majority Of Interpreters Of Islam S Sacred Text Appear Content To Lie In The Procrustean Bed Prepared By Muslim Tradition More Than A Thousand Years Ago.</subfield>
    <subfield code="u">http://ge.bartolomejkrupa.xyz/download/QbZBD-lEkJEC-what-the-koran-really-says</subfield>
  </datafield>
  <datafield tag="650" ind1=" " ind2=" ">
    <subfield code="a">Islam</subfield>
    <subfield code="9">1854</subfield>
  </datafield>
  <datafield tag="650" ind1=" " ind2=" ">
    <subfield code="a">Religion</subfield>
    <subfield code="9">1855</subfield>
  </datafield>
  <datafield tag="650" ind1=" " ind2=" ">
    <subfield code="a">Koran: Quran</subfield>
    <subfield code="9">1856</subfield>
  </datafield>
  <datafield tag="700" ind1=" " ind2=" ">
    <subfield code="a">WARRAQ (Ibn) Ed Tr</subfield>
    <subfield code="9">1857</subfield>
  </datafield>
  <datafield tag="942" ind1=" " ind2=" ">
    <subfield code="2">ddc</subfield>
    <subfield code="c">GF</subfield>
  </datafield>
  <datafield tag="999" ind1=" " ind2=" ">
    <subfield code="c">216707</subfield>
    <subfield code="d">216707</subfield>
  </datafield>
  <datafield tag="952" ind1=" " ind2=" ">
    <subfield code="0">0</subfield>
    <subfield code="1">0</subfield>
    <subfield code="2">ddc</subfield>
    <subfield code="4">0</subfield>
    <subfield code="7">0</subfield>
    <subfield code="8">OTH</subfield>
    <subfield code="a">AL</subfield>
    <subfield code="b">AL</subfield>
    <subfield code="d">2013-10-24</subfield>
    <subfield code="l">1</subfield>
    <subfield code="o">297.1226 WARW</subfield>
    <subfield code="p">GF01049</subfield>
    <subfield code="r">2022-02-11 00:00:00</subfield>
    <subfield code="s">2021-12-07</subfield>
    <subfield code="u">http://ge.bartolomejkrupa.xyz/download/QbZBD-lEkJEC-what-the-koran-really-says</subfield>
    <subfield code="w">2021-10-26</subfield>
    <subfield code="y">GF</subfield>
  </datafield>
</record>
